| 000 | 01283nam a22002417a 4500 | ||
|---|---|---|---|
| 999 |
_c59682 _d59682 |
||
| 003 | Ge_BSU | ||
| 005 | 20230403144517.0 | ||
| 008 | 230331s2008 ge ||||| |||| 00| 0 geo d | ||
| 020 | _a9789941100444 | ||
| 041 | _ageo | ||
| 080 | _a343(075.8) ს-54 | ||
| 245 |
_aსისხლის სამართლის კერძო ნაწილი : _bწიგნი 1 / _cავტ.: მზია ლეკვეიშვილი, ნონა თოდუა, ნინო გვენეტაძე, გოჩა მამულაშვილი; რედ. ვ ტყეშელიაძე. |
||
| 250 | _aმე-3 გამოცემა | ||
| 264 |
_aთბილისი : _bმერიდიანი, _c2008. |
||
| 300 |
_a748 გვ.; _b21 სმ. |
||
| 653 | _aსისხლის სამართალი | ||
| 700 |
_aლეკვეიშვილი, მზია _eავტორი _917411 |
||
| 700 |
_aთოდუა, ნონა _eავტორი _95363 |
||
| 700 |
_a გვენეტაძე, ნინო _eავტორი _917434 |
||
| 700 |
_a მამულაშვილი, გოჩა _eავტორი _917412 |
||
| 700 |
_aტყეშელიაძე, ვ. _eრედაქტორი _917413 |
||
| 942 |
_2udc _cBK |
||